000 00645nam a2200241Ia 4500
003 OSt
005 20220918203407.0
006 a|||||r|||| 00| 0
007 ta
008 220917b |||||||| |||| 00| 0 eng d
024 _a108,000
037 _cTextual
040 _aARTS
_cARTS
_beng
041 _2eng
_aeng
082 _aV4498:4 (Y73(P31), M6-;1
100 _aVaidik V P
_9108352
245 0 _aEthnic crisis in Sri Lanka
260 _aNew Delhi
_bNational India
_c1985
300 _a230p.
_ccm.
650 _aHISTORY
942 _hV4498:4 (Y73(P31), M6-;1
_cTEXL
_2CC
999 _c231355
_d231355